000 00709nam a2200229Ia 4500
003 GCL
008 140319s9999 xx 000 0 ara d
040 _aGCL /
_cGCL
082 0 4 _a811.5
_bم م
100 1 _aمحمود محمد شاكر
245 1 0 _aالمتنبى: رسالة فى الطريق الى ثقافتنا /
_cمحمود محمد شاكر
260 _a[S.N] :
_bمطبعة المدنى ،
_c1987
300 _a755 ص
490 _a
650 0 4 _aالشعر العربى
650 0 4 _aالادب العربى
650 0 4 _aدواوين وقصائد
650 0 4 _aالمتنبى, ابو الطيب
650 0 4 _aتاريخ ونقد
650 0 4 _aالمجموعات
942 _2ddc
_cBK
999 _c31355
_d31355